| 000 | 01233nam a2200337 a 4500 | ||
|---|---|---|---|
| 001 | 14665 | ||
| 003 | BD-RjUL | ||
| 005 | 20211208235653.0 | ||
| 008 | 080806s2008 ilua b 001 0 eng | ||
| 020 | _a9781432923136 (hc) | ||
| 020 | _a978043113203 | ||
| 020 | _a9781432923204 (pb) | ||
| 035 | _a(BD-RjUL)14719 | ||
| 040 |
_aDLC _cDLC _dDLC _dBD-RjUL _beng |
||
| 041 | _aeng | ||
| 082 | 0 | 4 |
_a532.078 _222 _bOXE 2009 |
| 100 | 1 |
_aOxlade, Chris. _9114541 |
|
| 245 | 1 | 0 |
_aExperiments with water : _bwater and buoyancy / _cChris Oxlade. |
| 260 |
_aChicago, Ill. : _bHeinemann Library, _cc2009. |
||
| 300 |
_a48 p. : _bcol. ill. ; _c25 cm. |
||
| 490 | 0 | _aDo it yourself | |
| 504 | _aIncludes bibliographical references and index. | ||
| 505 | 0 | _aWater everywhere -- Water, ice and steam -- Earth's water -- Water's properties -- Water for life -- Water supplies -- Saving water -- The power of water -- A precious resource. | |
| 650 | 0 |
_aWater _vExperiments. _9114542 |
|
| 650 | 0 |
_aArchimedes' principle _vExperiments. _9114543 |
|
| 650 | 0 |
_aFloating bodies _vExperiments. _9114544 |
|
| 650 | 0 |
_aBuoyant ascent (Hydrodynamics) _vExperiments. _9114545 |
|
| 942 |
_2ddc _cBK |
||
| 999 |
_c14665 _d14665 |
||